| 000 | 00421nam a22001577a 4500 | ||
|---|---|---|---|
| 003 | OSt | ||
| 005 | 20251111093722.0 | ||
| 008 | 251111b |||||||| |||| 00| 0 eng d | ||
| 020 | _a0072551401 | ||
| 040 | _cMc Graw Hill | ||
| 050 | _aKJ 276 .P37 2003 | ||
| 245 |
_aThe American _bDemocracy Alternate Edition _cPatterson, Thomas E. |
||
| 250 | _a6th Edition | ||
| 260 |
_aNew York _bMc Graw Hill _c2003 |
||
| 942 |
_2ddc _cBK _n0 |
||
| 999 |
_c9758 _d9758 |
||